Letter Chain #4 - Statistics

General Stats
  • This quiz has been taken 37 times
  • The average score is 9 of 20
Answer Stats
Hint Answer % Correct
Domesticated animal Dog
91%
- Astaire, - VanVleet; first name Fred
78%
Frozen rain Hail
78%
A deep cut Gash
63%
Bone located in a cage. Rib
63%
Country bordering Somalia Ethiopia
53%
A fabric made from the fibres of flax Linen
53%
Famous, normally not for a good reason Notorious
53%
The third largest city in Italy Naples
44%
Opposite of go Stop
44%
Free someone from a criminal charge Acquit
41%
Something binary only has two of Number
34%
The tough outer skin of a fruit Rind
31%
People who are trained to give treatment and rehabilitation Therapist
31%
When someone inflicts physical or mental pain regularly Torture
25%
Saying something you think someone should do Suggestion
22%
An attack where enemies surround the target Seige
19%
French word, equivalent to meh in English Bof
16%
Are there more __ or wheels? Fill the blank. Doors
13%
Try and make someone excited Entertain
6%
No matching quizzes found
Score Distribution
Percent of People with Each Score
Percentile by Number Answered
Your Score History
You have not taken this quiz